|
|
|
|
| LEADER |
00000nab a2200000 a 4500 |
| 001 |
vtls008297610 |
| 003 |
SK-MaSNL |
| 005 |
20260304135046.0 |
| 008 |
250505c2005 xo ||||||| |00 b|slo |
| 015 |
|
|
|a SNBRB2005/06
|2 snkbucl
|
| 035 |
|
|
|a (sysno)vtls008297610
|
| 035 |
|
|
|a urn:nbn:sk:snk-ab6kkq
|
| 035 |
|
|
|a (uuid)5f912a2e-068e-4c02-a861-73f623d74598
|
| 035 |
|
|
|a (urnnbn)urn:nbn:sk:snk:ar-005b0i
|
| 038 |
|
|
|a SNKBUCL
|
| 040 |
|
|
|a SNKBUCL
|b slo
|c SNKBUCL
|e AACR2
|
| 041 |
0 |
|
|a slo
|
| 044 |
|
|
|a xo
|c SK
|
| 080 |
|
|
|a 811.162.4`373.611
|2 1997
|
| 080 |
|
|
|a 811.162.4`367.625
|2 1997
|
| 080 |
|
|
|a 81`367.625:811.162.4
|2 1997
|
| 080 |
|
|
|a 81`373.611:811.162.4
|2 1997
|
| 100 |
1 |
|
|a Považaj, Matej,
|d 1942-
|4 aut
|9 86590
|
| 245 |
1 |
0 |
|a Obetónovať či obbetónovať rúry?
|c Matej Považaj
|
| 650 |
0 |
7 |
|a slovenčina
|2 snkbucl
|9 1350
|
| 650 |
0 |
7 |
|a slovesá
|2 snkbucl
|9 1325
|
| 650 |
0 |
7 |
|a tvorenie slov
|2 snkbucl
|9 15995
|
| 773 |
0 |
|
|t Kultúra slova
|g Roč. 39, č. 2 (2005), s. 100-102
|x 0023-5202
|
| 850 |
|
|
|a Slovenská národná knižnica
|
| 852 |
|
|
|a Slovenská národná knižnica
|
| 954 |
|
|
|a odborná, vedecká literatúra pôvodná (slovenská)
|2 lita
|
| 958 |
|
|
|a article27
|
| 958 |
|
|
|a OND
|
| 958 |
|
|
|a EUIPO
|
| 999 |
|
|
|c 2909261
|d 2911191
|